00358nam a22001337a 4500020001800000082001800018100002200036245005400058260003500112300001000147650002600157650002500183650001600208 a9789348132321 aM300 7bRAV/N aRavisankar S Nair aNovel enna manthrikapoocha/cby Ravisankar S Nair aKozhikode:bAtma Books,c2025. a528p. aNovel Malayalam Study aLiterature Malayalam aLiterature